00473 2200169 4500001002100000008004100021035002000062245006800082100001900150260004100169300001200210020002200222084001400244082000800258650001800266990001900284INLIS000000000001544 ind  a0010-0724001544 aBaby Squirrel Learnt A Lesson And Other StoriescDidik Djunaedi aDidik Djunaedi aBekasibPT Cahaya Pustaka Ragac2008 a59 hlm. a978-602-8155-63-2 a805 DID b a805 aFiksi Inggris aP29/CP/24/1544